000 00296nam a22001097a 4500
041 _aENG
245 _aCode Of Practice For Design Loads ( Other Than Earthuake ) For BUilngs And Structures
260 _aNew Delhi
_bBIS
_c1987
300 _a37
650 _aBIS Tist Code
856 _uBIS Tist Code
999 _c2170
_d2170